000 00799cam a2200265 4500
999 _c3349
_d3349
001 3679454
003 GBCCL
005 20241126110453.0
008 750507s1973 inu 000 0 eng d
035 _a(OCoLC)ocn685950193
035 _a3679454
040 _aICU
_cICU
_dYUS
049 _aYUTH
082 _a254.5
_bCHA
245 0 4 _aThe Challenge of church growth, a symposium.
_cWilbert R. Shenk, editor; John H. Yoder [and others]
260 _a[Elkhart, Ind.
_bInstitute of Mennonite Studies,
_c1973]
300 _a109 p.
_c22 cm.
410 2 0 _aInstitute of Mennonite Studies.
_tMissionary studies
_vno. 1
504 _aBibliography: p. 107-109.
650 0 _aChurch growth.
_9291
700 1 _aShenk, Wilbert R.
_91305
942 _2ddc
_cBK
_06
947 _aFJG4142
948 _aOCLC RECON